000 00700nam a2200217Ia 4500
003 GCL
008 140319s9999 xx 000 0 ara d
040 _aGCL /
_cGCL
082 0 4 _a953.203
_bا م
100 1 _aاحمد جابر عفيفى
245 1 0 _aالموسوعة اليمنية /
_cاحمد جابر عفيفى
700 1 _aاحمد على الوادعى
250 _aالاولى
260 _aاليمن :
_bموسسة العفيف الثقافية ،
_c1992
300 _a2 مجلد:
_bايض ؛
_c26 سم
490 _a
650 0 4 _aاليمن
650 0 4 _aدوائر المعارف العربية
650 0 4 _aالعالم الاسلامى - تاريخ
942 _2ddc
_cBK
999 _c35304
_d35304